000 00642nam a2200193Ii 4500
003 JO-AjNU
008 230605s9999||||xx |||||||||||||| ||und||
040 _aJO-AjNU
_bara
_erda
_cJO-AjNU
041 _aara
050 1 4 _aHF 5667 .S2642 1978
100 3 _aالسقا، حمدي,
_eauthor
_913870
245 0 0 _aاصول المراجعة، ج1
264 3 1 _aدمشق: جامعة دمشق، 1978
300 _aج1، 347ص
_bيحتوي على ببلوغرافية من ص367-374ص
336 _atext
_btxt
_2rdacontent
337 _aunmediated
_bn
_2rdamedia
338 _avolume
_bnc
_2rdacarrier
650 4 _aمراجعة الحسابات
_913871
999 _aA3564
_c7132
_d7132